[Event "Centelles op"]
[Site "Centelles"]
[Date "1996.09.07"]
[Round "1"]
[White "Simon del Sol, Santiago"]
[Black "Sors Duran, Jordi"]
[Result "0-1"]
[WhiteElo "2210"]
[BlackElo "2045"]
[PlyCount "86"]
[EventDate "1996.09.07"]
[EventType "swiss"]
[EventRounds "8"]
[EventCountry "ESP"]
[SourceTitle "EXT 2003"]
[Source "ChessBase"]
[SourceDate "2002.11.25"]
[SourceVersion "1"]
[SourceVersionDate "2002.11.25"]
[SourceQuality "1"]

1. c4 e5 2. Nc3 Nf6 3. g3 d6 4. Bg2 Nc6 5. Nf3 h6 6. 0-0 e4 7. Ne1 Bf5 8. d4 exd3 9. exd3 Be7 10. d4 0-0 11. b3 Qd7 12. Bb2 Bh3 13. Qd2 Bxg2 14. Nxg2 d5 15. c5 Rfe8 16. Rad1 Rad8 17. Qf4 a6 18. Ne3 Nh5 19. Qf3 Nf6 20. Nf5 Bf8 21. Nxh6+ gxh6 22. Qxf6 Bg7 23. Qf4 Re6 24. Rd2 Rf6 25. Qh4 Re8 26. Ne2 Re4 27. Qh5 Rf5 28. Qh3 Qe6 29. Nf4 Rexf4 30. gxf4 Rg5+ 31. Qg3 Rxg3+ 32. hxg3 Qe4 33. Rfd1 Ne7 34. b4 c6 35. a4 Nf5 36. b5 axb5 37. axb5 cxb5 38. Bc3 b4 39. Bb2 h5 40. Rd3 h4 41. g4 h3 42. f3 Qe2 43. R3d2 h2+ 0-1